| 000 | 01019nac a22002777a 4500 | ||
|---|---|---|---|
| 001 | BR8706771 | ||
| 003 | BR-BrBNA | ||
| 005 | 20240105120615.0 | ||
| 008 | 230509b bl.|||m| |||| 00| 0 por d | ||
| 040 |
_aBR-BrBNA _bpor _cBiblioteca Nacional de Agricultura |
||
| 072 | _aN10 | ||
| 090 | _a4430 BR8706771 | ||
| 100 | 1 | _aPerdomo, C.C. | |
| 100 | 1 | _aNicolaiewsky, S. | |
| 110 | 1 | _aCentro Nacional de Pesquisa de Suinos e Aves, Concordia, SC (Brasil) | |
| 245 | 1 | _aComportamento ambiental de diferentes modelos de edificacoes para suinos, durante a estacao quente [Santa Catarina, Brasil] | |
| 260 | 3 |
_aConcordia, SC (Brasil): _c1986. |
|
| 300 | _a3 p. | ||
| 490 |
_aComunicado Tecnico - Centro Nacional de Pesquisa de Suinos e Aves (Brazil) _vno. 99 _xISSN 0100-8862 |
||
| 500 | _a(*) Documento disponível na(o) CEAGRI, Florianopolis, SC (Brazil) | ||
| 650 | _aPOCILGA | ||
| 650 | _aINSTALACAO PARA ANIMAL | ||
| 650 | _aSUINO | ||
| 909 |
_a202312 _bLúcia Elande _c55 _dLúcia Elande |
||
| 942 |
_2AGRIS _n0 _cMS |
||
| 999 |
_c280422 _d280422 |
||